000 00273nam a2200121 i 4500
001 bg
245 0 _aOrder-Disorder Transformations in Alloys...
260 _aBerlin,
_c1974.
040 _cBPK
041 _apol
942 _cKS
008 s pl f |000 0 pol
999 _c15862
_d15862
856 _uhttp://koha.tu.koszalin.pl/cgi-bin/koha/opac-detail.pl?biblionumber=15862
_yKatalog online BPK